UM Logo

Direct Effects of Cognitive Load on Self-Efficacy During Instruction / (Record no. 24433)

MARC details
000 -LEADER
fixed length control field 00869nam a22002057a 4500
003 - CONTROL NUMBER IDENTIFIER
control field OSt
005 - DATE AND TIME OF LATEST TRANSACTION
control field 20260319165654.0
008 - FIXED-LENGTH DATA ELEMENTS--GENERAL INFORMATION
fixed length control field 260319b |||||||| |||| 00| 0 eng d
040 ## - CATALOGING SOURCE
Transcribing agency 0
082 ## - DEWEY DECIMAL CLASSIFICATION NUMBER
Classification number DPer 370.15 J826 October-November 2024 v.116 n.7-8
100 ## - MAIN ENTRY--PERSONAL NAME
Personal name Feldon, David F.
Relator term author.
9 (RLIN) 70004
245 ## - TITLE STATEMENT
Title Direct Effects of Cognitive Load on Self-Efficacy During Instruction /
Statement of responsibility, etc. David F. Feldon, Rebecca Brockbank, and Kaylee Litson.
260 ## - PUBLICATION, DISTRIBUTION, ETC. (IMPRINT)
Place of publication, distribution, etc. Washington D.C., USA.
Name of publisher, distributor, etc. American Psychological Association
Date of publication, distribution, etc. November 2024
300 ## - PHYSICAL DESCRIPTION
Extent volume 116, pages 1153-1171 :
Other physical details illustration ;
Dimensions 28cm.
500 ## - GENERAL NOTE
General note Journal of Educational Psychology, vol.116, no. 7-8, pages 1153-1171 October-November 2024
700 ## - ADDED ENTRY--PERSONAL NAME
Personal name Feldon, David F.
Relator term author.
9 (RLIN) 70004
700 ## - ADDED ENTRY--PERSONAL NAME
Personal name Brockbank, Rebecca.
Relator term author.
9 (RLIN) 70005
700 ## - ADDED ENTRY--PERSONAL NAME
Personal name Litson, Kaylee.
Relator term author.
9 (RLIN) 70006
942 ## - ADDED ENTRY ELEMENTS (KOHA)
Source of classification or shelving scheme Dewey Decimal Classification
Koha item type Periodicals
Holdings
Withdrawn status Lost status Source of classification or shelving scheme Damaged status Not for loan Collection code Home library Current library Date acquired Total Checkouts Full call number Date last seen Price effective from Koha item type Public note
    Dewey Decimal Classification     Periodicals UM Digos College - LIC UM Digos College - LIC 03/19/2026   DPer 370.15 J826 October-November 2024 v.116 n.7-8 03/19/2026   Periodicals Periodical Article